Sports Quiz

Random Sports or NBA Quiz

Last 15 1st overall draft picks NBA Quiz Stats

 Plays Quiz not verified by Sporcle

Also try: WCW Four Horsemen
Challenge
Share
Tweet
Embed
Score 0/15 Timer 01:00
0 Plays Today
% Correct
Lebron James
85.2%
Yao Ming
76.5%
Ben Simmons
63.5%
Dwight Howard
62.6%
Kyrie Irving
60.9%
Andrew Wiggins
60%
Karl-Anthony Towns
59.1%
Greg Oden
55.7%
% Correct
Anthony Bennett
55.7%
Andrew Bogut
54.8%
Derrick Rose
53.9%
Blake Griffin
52.2%
Andrea Bargnani
51.3%
Anthony Davis
51.3%
John Wall
50.4%

You're not logged in!

Compare scores with friends on all Sporcle quizzes.
Join for Free
OR
Log In

You Might Also Like...

Show Comments

Extras

Top Quizzes Today


Score Distribution

Your Account Isn't Verified!

In order to create a playlist on Sporcle, you need to verify the email address you used during registration. Go to your Sporcle Settings to finish the process.

Report this User

Report this user for behavior that violates our Community Guidelines.

Details: